Up close : English for global communication : Workbook
The book is written to meet the needs of today's adult and young adult learners of English. The series' spiraled approach to language learning - presentation, reinforcement, and expansion of communication forms and structures - promotes the gradual but secure development of the listening,...
Сохранить в:
| Главный автор: | |
|---|---|
| Формат: | |
| Язык: | Undetermined |
| Опубликовано: |
Boston, MA.
Heinle & Heinle/Thomson Learning
2002
|
| Предметы: | |
| Метки: |
Добавить метку
Нет меток, Требуется 1-ая метка записи!
|
| Thư viện lưu trữ: | Trung tâm Học liệu Trường Đại học Cần Thơ |
|---|
| LEADER | 01017nam a2200229Ia 4500 | ||
|---|---|---|---|
| 001 | CTU_124081 | ||
| 008 | 210402s9999 xx 000 0 und d | ||
| 020 | |c 45000 | ||
| 082 | |a 428.24076 | ||
| 082 | |b B624/T.2 | ||
| 100 | |a Bixby, Jennifer | ||
| 245 | 0 | |a Up close : | |
| 245 | 0 | |b English for global communication : Workbook | |
| 245 | 0 | |c Jennifer Bixby | |
| 260 | |a Boston, MA. | ||
| 260 | |b Heinle & Heinle/Thomson Learning | ||
| 260 | |c 2002 | ||
| 520 | |a The book is written to meet the needs of today's adult and young adult learners of English. The series' spiraled approach to language learning - presentation, reinforcement, and expansion of communication forms and structures - promotes the gradual but secure development of the listening, speaking, reading, and writing skills required in beginning through intermediate progams. | ||
| 650 | |a English laguage | ||
| 650 | |x Study and teaching,Problems, exercises, etc. | ||
| 904 | |i Minh | ||
| 980 | |a Trung tâm Học liệu Trường Đại học Cần Thơ | ||